[Event "Stjernesommer langsjakk NGP 2018"]
[Site "SK Stjernen, GrÃ¼nerlÃ¸kka, Os"]
[Date "2018.06.08"]
[Round "2"]
[White "Skaslien, Ingrid"]
[Black "Al-Tarbosh, Ward"]
[Result "0-1"]
[WhiteElo "1871"]
[BlackElo "2332"]
[PlyCount "130"]
[EventDate "2018.??.??"]

1. d4 d5 2. c4 c6 3. cxd5 cxd5 4. Nc3 Nf6 5. Bf4 Nc6 6. e3 Bf5 7. Nf3 e6 8. Bd3
Bxd3 9. Qxd3 Be7 10. h3 O-O 11. O-O Rc8 12. Rac1 a6 13. Nd2 b5 14. a4 b4 15.
Ne2 Qb6 16. Rc2 Na5 17. Rfc1 Rxc2 18. Qxc2 Ne8 19. b3 h6 20. Bg3 Bd6 21. Bxd6
Nxd6 22. Qc7 Qxc7 23. Rxc7 Rc8 24. Rxc8+ Nxc8 25. Nf4 Nb7 26. Nd3 a5 27. Kf1
Kf8 28. Ke2 Ne7 29. Nf3 f6 30. Nf4 Kf7 31. Nd3 Nc6 32. Nd2 e5 33. dxe5 fxe5 34.
f3 Ke6 35. Kf2 Kd6 36. e4 Nd4 37. Kg3 Ke6 38. Kg4 dxe4 39. fxe4 Kf6 40. Kg3 Nd8
41. Kf2 N8e6 42. g3 h5 43. h4 g5 44. hxg5+ Nxg5 45. Nc5 Kg6 46. Nb7 Nc6 47. Ke3
Ne6 48. Nc4 Kg5 49. Nbxa5 Nxa5 50. Nxa5 Nd4 51. Nc4 Nxb3 52. Nxe5 Nc5 53. Nd3
b3 54. a5 Kg4 55. Kd4 Ne6+ 56. Kd5 Nc7+ 57. Kc6 Na6 58. e5 Nb4+ 59. Kd6 Nxd3
60. e6 b2 61. e7 b1=Q 62. e8=Q Qb4+ 63. Kd5 Qxa5+ 64. Kd4 Qe5+ 65. Qxe5 Nxe5
0-1

[Event "Stjernesommer langsjakk NGP 2018"]
[Site "SK Stjernen, GrÃ¼nerlÃ¸kka, Oslo"]
[Date "2018.06.08"]
[Round "2"]
[White "Abdrlauf, Elham"]
[Black "Sidali, Elias Hulleberg"]
[Result "0-1"]
[WhiteElo "2165"]
[BlackElo "2011"]
[PlyCount "116"]
[EventDate "2018.??.??"]

1. d4 Nf6 2. c4 g6 3. Nc3 Bg7 4. e4 O-O 5. Nf3 d6 6. Be2 e5 7. O-O Nc6 8. Be3
Ng4 9. Bg5 f6 10. Bh4 Nh6 11. dxe5 dxe5 12. Qxd8 Rxd8 13. Nd5 g5 14. Bg3 g4 15.
Ne1 Nd4 16. Bd1 c6 17. Ne3 Be6 18. Nd3 Bf8 19. Nc1 Rd7 20. Nb3 Nxb3 21. axb3
Bc5 22. Bh4 Kg7 23. Nc2 Rad8 24. Kh1 Ng8 25. f3 gxf3 26. Bxf3 Rd2 27. Rfc1 a6
28. Be1 R2d3 29. Bc3 Nh6 30. h3 Nf7 31. Ne1 R3d7 32. b4 Be3 33. Rc2 Bxc4 34.
Bg4 Re7 35. Ra3 Bf4 36. g3 Bh6 37. Ng2 Bd3 38. Rf2 Bxe4 39. Ra1 Rd3 40. Kh2 Nd6
41. Nh4 Bg5 42. Be2 Rd5 43. Nf3 Bh6 44. Raf1 Be3 45. Rg2 Bh6 46. Rgf2 Bg6 47.
Nh4 Ne4 48. Rg2 Nxc3 49. bxc3 Bd2 50. Rgf2 Bg5 51. Nxg6 hxg6 52. h4 Be3 53. Rf3
Ba7 54. Bc4 Rd2+ 55. Kh3 b5 56. Bb3 f5 57. h5 e4 58. Rf4 Be3 0-1

[Event "Stjernesommer langsjakk NGP 2018"]
[Site "SK Stjernen, Grünerløkka, Oslo"]
[Date "2018.06.08"]
[Round "2"]
[White "Grindbakken, Erik"]
[Black "Fossan, Aleksander"]
[Result "0-1"]
[WhiteElo "1636"]
[BlackElo "2139"]
[PlyCount "92"]
[EventDate "2018.??.??"]

1. e4 c5 2. Nc3 g6 3. d4 cxd4 4. Qxd4 Nf6 5. Nf3 Nc6 6. Qd3 Bg7 7. Bf4 d6 8.
Be2 O-O 9. h3 a6 10. a4 b6 11. g4 Bb7 12. O-O-O Nd7 13. h4 b5 14. h5 b4 15. Nb1
Nc5 16. Qe3 Nxa4 17. hxg6 Bxb2+ 18. Kd2 fxg6 19. Bc4+ d5 20. exd5 Na5 21. Qe6+
Rf7 22. Rxh7 Nxc4+ 23. Ke2 Qe8 24. Rdh1 Bf6 25. Ng5 Nc5 26. Qxf7+ Qxf7 27. Nxf7
Bxd5 28. Ng5 Bxh1 29. Rxh1 Rd8 30. Nf3 e5 31. Bg5 Bxg5 32. Nxg5 Rd7 33. Nf3 a5
34. Nfd2 Nb2 35. Rh3 a4 36. Re3 a3 37. Nxa3 bxa3 38. Rxa3 Rxd2+ 39. Kxd2 Nc4+
40. Kc3 Nxa3 41. Kb4 Ne4 42. Kxa3 Nxf2 43. c4 Nxg4 44. c5 Nf6 45. Kb3 Kf7 46.
Kc4 Ke6
0-1

[Event "Stjernesommer langsjakk NGP 2018"]
[Site "SK Stjernen, GrÃ¼nerlÃ¸kka, Os"]
[Date "2018.06.08"]
[Round "2"]
[White "Midtstue, Lasse"]
[Black "Huse, Sigurd KjelsbÃ¸l"]
[Result "0-1"]
[WhiteElo "1772"]
[BlackElo "2029"]
[PlyCount "86"]
[EventDate "2018.??.??"]

1. Nf3 d5 2. e3 Nf6 3. b3 g6 4. Bb2 Bg7 5. Be2 O-O 6. O-O Nbd7 7. c4 c6 8. Qc2
Re8 9. d4 Ne4 10. Nc3 Ndf6 11. Bd3 Bf5 12. Nh4 e6 13. Nxf5 exf5 14. Rae1 Rc8
15. f3 Nxc3 16. Bxc3 Qd6 17. g3 Re6 18. e4 fxe4 19. fxe4 dxe4 20. Bxe4 Rce8 21.
Bg2 Ng4 22. d5 Qc5+ 23. Kh1 Rxe1 24. Rxe1 Re3 25. h3 Bxc3 26. Rxe3 Qxe3 27.
hxg4 Bd4 28. Kh2 Be5 29. Qd1 Bxg3+ 30. Kh1 Qh6+ 31. Kg1 Bh2+ 32. Kf1 Qe3 33.
Bf3 cxd5 34. cxd5 Bd6 35. Qe2 Qc1+ 36. Kg2 Bc5 37. Qe8+ Kg7 38. Qe5+ f6 39.
Qc7+ Kh6 40. Qh2+ Kg5 41. Qxh7 Qg1+ 42. Kh3 Qf2 43. Bg2 Bd6 0-1

[Event "Stjernesommer langsjakk NGP 2018"]
[Site "SK Stjernen, Grünerløkka, Oslo"]
[Date "2018.06.08"]
[Round "2"]
[White "Ingebretsen, Jens E"]
[Black "Støre, Trond"]
[Result "1-0"]
[WhiteElo "1999"]
[BlackElo "2051"]
[PlyCount "36"]
[EventDate "2018.??.??"]

1. e4 c5 2. Nf3 d6 3. d4 cxd4 4. Qxd4 Nf6 5. Bb5+ Bd7 6. c4 Nc6 7. Qd3 g6 8.
Nc3 Bg7 9. O-O O-O 10. h3 Nb4 11. Qe2 Bxb5 12. cxb5 a6 13. Qc4 Qa5 14. Bd2 Rac8
15. Qb3 Nd3 16. Nd5 Nc5 17. Bxa5 Nxb3 18. Nxe7+ Kh8
1-0

[Event "Stjernesommer langsjakk NGP 2018"]
[Site "SK Stjernen, Grünerløkka, Oslo"]
[Date "2018.06.08"]
[Round "2"]
[White "Melaa, Sondre Lillestøl"]
[Black "Lindbøl, Aleksander"]
[Result "0-1"]
[WhiteElo "2011"]
[BlackElo "2182"]
[PlyCount "120"]
[EventDate "2018.??.??"]

1. e4 c6 2. d4 d5 3. e5 Bf5 4. h4 h5 5. Bd3 Bxd3 6. Qxd3 e6 7. Bg5 Qb6 8. Nd2
Nd7 9. Ngf3 Ne7 10. O-O Nf5 11. c4 Be7 12. cxd5 cxd5 13. Bxe7 Nxe7 14. Rfc1 O-O
15. Nf1 Nf5 16. Rc2 Nb8 17. Ne3 Nxe3 18. Qxe3 Nc6 19. a3 a5 20. Rd1 Rac8 21.
Rdc1 Qd8 22. Ng5 Qe7 23. Qd3 g6 24. g3 Rc7 25. Qd2 Rcc8 26. Nf3 Kg7 27. Kg2 Ra8
28. Qf4 a4 29. g4 hxg4 30. Qxg4 Rh8 31. Qg5 Qxg5+ 32. hxg5 Ra5 33. Rc5 Rha8 34.
Kf1 R8a6 35. Rxa5 Nxa5 36. Rc2 Rb6 37. Ne1 Rb3 38. Ke2 Nc4 39. Nd3 b5 40. f3
Kh7 41. Rc3 Rxc3 42. bxc3 Nxa3 43. Kd1 Nc4 44. Nc5 a3 45. Kc2 a2 46. Nb3 Kg7
47. Na1 Kf8 48. Kb3 Nd2+ 49. Kxa2 Nxf3 50. Nc2 Nxg5 51. Kb3 Ne4 52. Kb4 Kg7 53.
Kxb5 Nxc3+ 54. Kc5 g5 55. Ne3 Kg6 56. Nf1 g4 57. Kd6 Ne2 58. Ne3 g3 59. Ng2
Nxd4 60. Ke7 Nf3
0-1

[Event "Stjernesommer langsjakk NGP 2018"]
[Site "SK Stjernen, Grünerløkka, Oslo"]
[Date "2018.06.08"]
[Round "2"]
[White "Hobber, Anders"]
[Black "Nilsen, Tobias Lang"]
[Result "1-0"]
[WhiteElo "2327"]
[BlackElo "2052"]
[PlyCount "77"]
[EventDate "2018.??.??"]

1. d4 f5 2. Nc3 Nf6 3. Bg5 d5 4. Bxf6 exf6 5. e3 c6 6. Bd3 Be6 7. Qf3 Qd7 8.
Nge2 Bd6 9. h3 Na6 10. Bxa6 bxa6 11. Nf4 Bf7 12. Nd3 Rb8 13. Na4 O-O 14. Nac5
Qe7 15. Nxa6 Rb6 16. Nac5 f4 17. O-O-O Bg6 18. exf4 Bxd3 19. Nxd3 Qe4 20. Qe3
Re8 21. Rhe1 Rbb8 22. Qxe4 dxe4 23. Nc5 Bxf4+ 24. Kb1 f5 25. c3 Bd6 26. Nb3 Kf7
27. Kc2 Kf6 28. Na5 Rbc8 29. Nc4 Bc7 30. d5 cxd5 31. Rxd5 f4 32. Rc5 g5 33.
Rc6+ Kf5 34. Rxc7 Rxc7 35. Nd6+ Ke5 36. Rxe4+ Kxd6 37. Rxe8 Rg7 38. f3 h5 39.
Re4
1-0

[Event "Stjernesommer langsjakk NGP 2018"]
[Site "SK Stjernen, Grünerløkka, Oslo"]
[Date "2018.06.08"]
[Round "2"]
[White "Schouten, Mathias Lind"]
[Black "Tenold, Andreas"]
[Result "1/2-1/2"]
[WhiteElo "1752"]
[BlackElo "1937"]
[PlyCount "51"]
[EventDate "2018.??.??"]

1. e4 c5 2. Nf3 g6 3. d4 cxd4 4. Nxd4 Bg7 5. Be3 Nc6 6. Nc3 Nf6 7. Bc4 O-O 8.
f3 Qb6 9. Bb3 Nxe4 10. fxe4 Bxd4 11. Bxd4 Qxd4 12. Qxd4 Nxd4 13. Kf2 Nxb3 14.
axb3 d6 15. Nd5 e6 16. Nb6 Rb8 17. Rxa7 f5 18. exf5 Rxf5+ 19. Ke2 Rc5 20. c3
Rc6 21. Nc4 b5 22. Na5 Ra6 23. Rxa6 Bxa6 24. b4 Bb7 25. Rd1 Bd5 26. b3
1/2-1/2

[Event "Stjernesommer langsjakk NGP 2018"]
[Site "SK Stjernen, Grünerløkka, Oslo"]
[Date "2018.06.08"]
[Round "2"]
[White "Tryggestad, Andreas G"]
[Black "Egeland, Finn"]
[Result "1-0"]
[WhiteElo "2243"]
[BlackElo "2047"]
[PlyCount "75"]
[EventDate "2018.??.??"]

1. b3 e5 2. Bb2 Nc6 3. e3 Nf6 4. Bb5 Bd6 5. Na3 Na5 6. Be2 a6 7. c4 O-O 8. Nf3
Re8 9. Nc2 Nc6 10. d4 e4 11. Nd2 Bf8 12. d5 Ne5 13. g4 Nfxg4 14. Nxe4 Qh4 15.
Qd4 d6 16. Ng3 Qh3 17. f4 Nxh2 18. O-O-O Qxg3 19. fxe5 dxe5 20. Qd3 g6 21. Rdg1
Qf2 22. Bc3 Bf5 23. e4 Qf4+ 24. Bd2 Qxe4 25. Qxe4 Bxe4 26. Rxh2 f5 27. Ne3 Ba3+
28. Kd1 c6 29. Rh4 f4 30. Ng4 Be7 31. Rh3 cxd5 32. cxd5 Bxd5 33. Bc3 e4 34. Rh5
Red8 35. Re5 Bh4 36. Kc2 Rac8 37. Rh1 f3 38. Rxh4
1-0

[Event "Stjernesommer langsjakk NGP 2018"]
[Site "SK Stjernen, Grünerløkka, Oslo"]
[Date "2018.06.08"]
[Round "2"]
[White "Rolstad, Morten"]
[Black "Vangen, David Luangtep"]
[Result "0-1"]
[WhiteElo "1791"]
[BlackElo "1630"]
[PlyCount "88"]
[EventDate "2018.??.??"]

1. e4 e5 2. Nf3 Nc6 3. Bb5 Nf6 4. d3 a6 5. Bxc6 dxc6 6. Nxe5 Bc5 7. c3 O-O 8.
O-O Re8 9. Nf3 Ba7 10. h3 Be6 11. Qe2 Qd7 12. Ng5 Rad8 13. Rd1 Bc4 14. Qe1 Bxd3
15. e5 Qf5 16. Be3 Bxe3 17. Qxe3 Rxe5 18. Qg3 Qxg5 19. Rxd3 Rxd3 20. Qxd3 Re1+
21. Kh2 Qf4+ 22. Qg3 Qxg3+ 23. Kxg3 Ne4+ 24. Kf3 Nd2+ 25. Nxd2 Rxa1 26. a3 Ra2
27. Nc4 b5 28. Ne5 Rxb2 29. Nxc6 Rb3 30. Ne7+ Kf8 31. Nd5 Rxa3 32. Ke4 c6 33.
Nb4 c5 34. Nd5 b4 35. Kd3 b3 36. c4 b2+ 37. Kc2 Rb3 38. Kb1 a5 39. Ne3 a4 40.
Nf1 a3 41. Nd2 Rd3 42. Ne4 Rd1+ 43. Kc2 b1=Q+ 44. Kc3 Qd3#
0-1

[Event "Stjernesommer langsjakk NGP 2018"]
[Site "SK Stjernen, Grünerløkka, Oslo"]
[Date "2018.06.08"]
[Round "2"]
[White "Kittilsen, Sigurd"]
[Black "Bernstein, Jonas August"]
[Result "1/2-1/2"]
[WhiteElo "1889"]
[BlackElo "1651"]
[PlyCount "80"]
[EventDate "2018.??.??"]

1. e4 e6 2. d4 d5 3. Nd2 dxe4 4. Nxe4 Nd7 5. Nf3 Ngf6 6. Nxf6+ Nxf6 7. Bd3 Be7
8. c3 O-O 9. O-O b6 10. Bg5 Bb7 11. Re1 Rc8 12. Ne5 c5 13. Bxf6 Bxf6 14. Qc2 g6
15. Be4 Bxe4 16. Qxe4 Bxe5 17. dxe5 Qe7 18. Rad1 Rfd8 19. Qf3 Rc7 20. Re3 Rcd7
21. Red3 c4 22. Rxd7 Rxd7 23. Qe2 Rd5 24. Rxd5 exd5 25. f4 b5 26. Qe3 b4 27.
Qd4 Qb7 28. cxb4 Qxb4 29. Kf2 Qa5 30. a3 Kf8 31. Kf3 Kg8 32. g4 Qe1 33. Kg2
Qe2+ 34. Kg3 Qe1+ 35. Kh3 Qf1+ 36. Kh4 Qe1+ 37. Kh3 Qf1+ 38. Kg3 Qe1+ 39. Kf3
Qf1+ 40. Kg3 Qe1+
1/2-1/2

[Event "Stjernesommer langsjakk NGP 2018"]
[Site "SK Stjernen, Grünerløkka, Oslo"]
[Date "2018.06.08"]
[Round "2"]
[White "Grøver, Sigurd Loe"]
[Black "Kvisla, Johannes Luangtep"]
[Result "0-1"]
[WhiteElo "2034"]
[BlackElo "2261"]
[PlyCount "64"]
[EventDate "2018.??.??"]

1. c4 Nf6 2. Nc3 c5 3. Nf3 b6 4. e3 Bb7 5. d4 cxd4 6. exd4 g6 7. d5 Bg7 8. Be2
O-O 9. O-O Na6 10. Be3 d6 11. Bd4 Nc7 12. Qb3 e5 13. dxe6 Nxe6 14. Rad1 Nxd4
15. Nxd4 d5 16. cxd5 Nxd5 17. Nf5 Nxc3 18. bxc3 Qg5 19. Ng3 h5 20. Rd7 Bc6 21.
Rd6 Rac8 22. h4 Qe5 23. Rxg6 Bd5 24. Rxg7+ Kxg7 25. c4 Be6 26. Nxh5+ Kh8 27.
Qf3 Rg8 28. Nf6 Rg6 29. Qh5+ Qxh5 30. Nxh5 Bxc4 31. Bxc4 Rxc4 32. g3 Rxh4
0-1

[Event "Stjernesommer langsjakk NGP 2018"]
[Site "SK Stjernen, Grünerløkka, Oslo"]
[Date "2018.06.09"]
[Round "3"]
[White "Al-Tarbosh, Ward"]
[Black "Abdrlauf, Elham"]
[Result "1-0"]
[WhiteElo "2332"]
[BlackElo "2165"]
[PlyCount "63"]
[EventDate "2018.??.??"]

1. e4 c6 2. Nf3 d5 3. Nc3 Bg4 4. h3 Bxf3 5. Qxf3 e6 6. d3 Nd7 7. Bd2 Qb6 8. Rb1
Ngf6 9. g4 h6 10. Bg2 O-O-O 11. O-O Bd6 12. b4 d4 13. Na4 Qb5 14. Nb2 Ne5 15.
Qe2 g5 16. a4 Qb6 17. f4 gxf4 18. Bxf4 Qc7 19. b5 Rdg8 20. bxc6 bxc6 21. Nc4
Nxc4 22. Bxd6 Nxd6 23. e5 Nfe8 24. exd6 Nxd6 25. Qe5 h5 26. g5 h4 27. Rxf7 Nxf7
28. Qxe6+ Kd8 29. Bxc6 Qg3+ 30. Kh1 Qd6 31. Rb8+ Kc7 32. Qxf7+
1-0

[Event "Stjernesommer langsjakk NGP 2018"]
[Site "SK Stjernen, Grünerløkka, Oslo"]
[Date "2018.06.09"]
[Round "3"]
[White "Lindbøl, Aleksander"]
[Black "Hobber, Anders"]
[Result "1/2-1/2"]
[WhiteElo "2182"]
[BlackElo "2327"]
[PlyCount "71"]
[EventDate "2018.??.??"]

1. c4 c6 2. Nf3 d5 3. e3 Nf6 4. Nc3 a6 5. d4 b5 6. cxd5 cxd5 7. h3 e6 8. Bd3
Bb7 9. O-O Nbd7 10. Bd2 Bd6 11. Rc1 O-O 12. Qc2 b4 13. Na4 Ne4 14. Qb3 Nxd2 15.
Nxd2 Qe7 16. Rc2 a5 17. Rfc1 e5 18. Bb5 Nf6 19. dxe5 Qxe5 20. Nf3 Qe7 21. Bc6
Rad8 22. Bxb7 Qxb7 23. Nc5 Qb6 24. Nd4 Rfe8 25. Qa4 Ra8 26. Nd7 Qd8 27. Nf5 Be5
28. Nxe5 Rxe5 29. Nd4 Re8 30. Rc7 Qd6 31. Qc6 Qe5 32. Qb7 Rab8 33. Qa7 Ra8 34.
Qb7 Rab8 35. Qa7 Ra8 36. Qb7
1/2-1/2

[Event "Stjernesommer langsjakk NGP 2018"]
[Site "SK Stjernen, Grünerløkka, Oslo"]
[Date "2018.06.09"]
[Round "3"]
[White "Fossan, Aleksander"]
[Black "Kvisla, Johannes Luangtep"]
[Result "1/2-1/2"]
[WhiteElo "2139"]
[BlackElo "2261"]
[PlyCount "87"]
[EventDate "2018.??.??"]

1. e4 c5 2. c3 d6 3. d4 Nf6 4. dxc5 Nc6 5. cxd6 Nxe4 6. Bd3 Nxd6 7. Nf3 g6 8.
O-O Bg7 9. Nbd2 O-O 10. Nb3 b6 11. Bc2 Bb7 12. Qe2 Qc8 13. Nbd4 Qg4 14. Ne1 Qc8
15. Nef3 Nxd4 16. Nxd4 e5 17. Nf3 e4 18. Nd2 Ba6 19. c4 Nxc4 20. Bxe4 Nxd2 21.
Qxd2 Rd8 22. Qe1 Re8 23. Qb4 Bxf1 24. Bxa8 a5 25. Qd2 Bb5 26. Bf3 Qc4 27. Qd1
a4 28. Be3 Bxb2 29. Rb1 a3 30. Bd5 Qd3 31. Bxb6 Qxd1+ 32. Rxd1 Ba4 33. Rf1 Bb5
34. Rd1 Be2 35. Re1 Bc3 36. Rc1 Be5 37. Re1 Bb5 38. g3 Kg7 39. Bc5 f6 40. Bxa3
Rd8 41. Bb3 Rd2 42. Rd1 Re2 43. Bc5 Bc6 44. Be3
1/2-1/2

[Event "Stjernesommer langsjakk NGP 2018"]
[Site "SK Stjernen, Grünerløkka, Oslo"]
[Date "2018.06.09"]
[Round "3"]
[White "Sidali, Elias Hulleberg"]
[Black "Tryggestad, Andreas G"]
[Result "0-1"]
[WhiteElo "2011"]
[BlackElo "2243"]
[PlyCount "108"]
[EventDate "2018.??.??"]

1. d4 Nf6 2. c4 c5 3. d5 b5 4. cxb5 a6 5. bxa6 g6 6. Nc3 Bxa6 7. e4 Bxf1 8.
Kxf1 d6 9. g3 Bg7 10. Kg2 O-O 11. Nf3 Nbd7 12. h3 Qa5 13. Nd2 Ne8 14. Nc4 Qa6
15. Qd3 Nb6 16. b3 Nf6 17. Bd2 Nfd7 18. a4 Nxc4 19. Qxc4 Qxc4 20. bxc4 Rfb8 21.
Rab1 Nb6 22. Ne2 Nxa4 23. Bg5 Kf8 24. h4 h6 25. Be3 Nb2 26. Rhc1 Rb4 27. Bd2
Rxc4 28. Nc3 Nd3 29. Rc2 Nb4 30. Rcc1 h5 31. Na2 Rxe4 32. Nxb4 cxb4 33. Rxb4
Rxb4 34. Bxb4 Bd4 35. Rc4 Bf6 36. Bd2 Ra3 37. Bh6+ Kg8 38. Rc8+ Kh7 39. Bf8 Ra2
40. Re8 Bd4 41. Bxe7 Rxf2+ 42. Kg1 Re2+ 43. Kf1 Re4 44. Kg2 Bf6 45. Bxf6 Rxe8
46. Kf3 g5 47. hxg5 Kg6 48. Kf4 Re1 49. Bd8 Re5 50. Bf6 Rf5+ 51. Ke4 Rxg5 52.
Bxg5 Kxg5 53. Kd3 Kf5 54. Kd4 f6
0-1

[Event "Stjernesommer langsjakk NGP 2018"]
[Site "SK Stjernen, Grünerløkka, Oslo"]
[Date "2018.06.09"]
[Round "3"]
[White "Sjøberg, Isak"]
[Black "Ingebretsen, Jens E"]
[Result "1/2-1/2"]
[WhiteElo "2075"]
[BlackElo "1999"]
[PlyCount "97"]
[EventDate "2018.??.??"]

1. e4 e5 2. Nf3 Nc6 3. Bb5 a6 4. Ba4 Nf6 5. Qe2 b5 6. Bb3 Bc5 7. c3 d6 8. d3 h6
9. Be3 ({Relevant:} 9. O-O O-O 10. Be3 Bxe3 11. Qxe3 Na5 12. Bc2 c5 13. Nbd2
Nc6 14. a4 Rb8 15. axb5 axb5 16. Rfd1 Qb6 17. Nf1 d5 18. exd5 Nxd5 19. Qe4 Nf6
20. Qe2 Re8 21. Ng3 Be6 22. Re1 Bd5 23. Nd2 {1/2-1/2 (23) Tiviakov,S (2637)
-Shirov,A (2749) Hoogeveen 2010}) 9... Bg4 10. Nbd2 Qe7 11. h3 $146 ({
Predecessor:} 11. O-O O-O 12. h3 Be6 13. d4 exd4 14. cxd4 Bxb3 15. dxc5 Be6 16.
cxd6 cxd6 17. Rac1 Rac8 18. Rc3 Ne5 19. Rfc1 Nc4 20. Bd4 Nxd2 21. Nxd2 Rxc3 22.
Rxc3 Rc8 23. Ra3 Rc6 24. Rg3 Bxa2 25. Qf3 Ne8 26. Qf4 Kh7 27. Nf3 Be6 28. Nh4
g5 29. Nf5 gxf4 30. Nxe7 Rc1+ {0-1 (30) Inhiovien,K-Toth,N (1938) Nyiregyhaza
2005}) 11... Bxe3 12. fxe3 Bd7 13. O-O Na5 14. Bc2 d5 15. b4 dxe4 16. dxe4 Nb7
17. Nh4 c5 18. a3 Rc8 19. Rac1 Nd6 20. Nf5 Bxf5 21. exf5 e4 22. Nb3 Nc4 23.
Nxc5 Rxc5 24. bxc5 Qxc5 25. a4 O-O 26. axb5 axb5 27. Kh1 Nxe3 28. Rfe1 Nxf5 29.
Kh2 Re8 30. Rb1 Qxc3 31. Qxb5 Qc7+ 32. Kg1 Nd4 33. Qa4 Qc5 (33... Nf3+ 34. gxf3
Qg3+ 35. Kf1 Qxf3+ 36. Kg1 Qg3+ 37. Kf1 e3 38. Re2 Qf3+) 34. Kh1 Nxc2 35. Rec1
e3 36. Rxc2 Qe5 37. Re1 Nh5 38. Rc5 Ng3+ 39. Kg1 Qxc5 40. Qxe8+ Kh7 41. Qxe3
Qxe3+ 42. Rxe3 Nf5 43. Ra3 h5 44. g4 hxg4 45. hxg4 Nh6 46. Ra4 Kg6 47. Kg2 Kg5
48. Kg3 f5 49. gxf5
1/2-1/2

[Event "Stjernesommer langsjakk NGP 2018"]
[Site "SK Stjernen, Grünerløkka, Oslo"]
[Date "2018.06.09"]
[Round "3"]
[White "Nilsen, Tobias Lang"]
[Black "Unneland, Mathias"]
[Result "1-0"]
[WhiteElo "2052"]
[BlackElo "1946"]
[PlyCount "65"]
[EventDate "2018.??.??"]

1. e4 e6 2. d4 d5 3. Nd2 a6 4. Ngf3 c5 5. exd5 exd5 6. Be2 Nf6 7. O-O Nc6 8.
dxc5 Bxc5 9. Nb3 Bb6 10. Bg5 Be6 11. c3 O-O 12. Nfd4 h6 13. Bh4 Ne5 14. Re1 Ng6
15. Bg3 Re8 16. Bf3 Bc7 17. Nc5 Bxg3 18. hxg3 Qb6 19. Ncb3 Bd7 20. Qd3 Ne5 21.
Qc2 Nxf3+ 22. gxf3 Rxe1+ 23. Rxe1 Re8 24. Rxe8+ Nxe8 25. Nf5 Qf6 26. Nbd4 Nd6
27. Ne3 Qe5 28. Qb3 Be6 29. Kg2 h5 30. Qb6 g5 31. Qd8+ Kg7 32. Qxd6 Qf6 33.
Nxe6+
1-0

[Event "Stjernesommer langsjakk NGP 2018"]
[Site "SK Stjernen, Grünerløkka, Oslo"]
[Date "2018.06.09"]
[Round "3"]
[White "Egeland, Finn"]
[Black "Yousef, Dani Rabie"]
[Result "1-0"]
[WhiteElo "2047"]
[BlackElo "1683"]
[PlyCount "53"]
[EventDate "2018.??.??"]

1. e4 c5 2. Nf3 d6 3. d4 cxd4 4. Nxd4 Nf6 5. Nc3 a6 6. Bg5 e6 7. f4 Qb6 8. Qd2
Qxb2 9. Rb1 Qa3 10. e5 h6 11. Bh4 dxe5 12. fxe5 Nd5 13. Nxd5 exd5 14. e6 Bxe6
15. Nxe6 fxe6 16. Bd3 Be7 17. Bg6+ Kd8 18. Bxe7+ Qxe7 19. O-O Nd7 20. Rf7 Qc5+
21. Kh1 Rf8 22. Rxg7 Qf2 23. Qxf2 Rxf2 24. Kg1 Rf8 25. Rxb7 Ne5 26. Bd3 Nc6 27.
Rgd7+
1-0

[Event "Stjernesommer langsjakk NGP 2018"]
[Site "SK Stjernen, Grünerløkka, Oslo"]
[Date "2018.06.09"]
[Round "3"]
[White "Vangen, David Luangtep"]
[Black "Grøver, Sigurd Loe"]
[Result "0-1"]
[WhiteElo "1630"]
[BlackElo "2034"]
[PlyCount "72"]
[EventDate "2018.??.??"]

1. e4 e6 2. d4 d5 3. exd5 exd5 4. Nf3 Nc6 5. Bd3 Bg4 6. c3 Bd6 7. O-O Nge7 8.
h3 Bf5 9. Bxf5 Nxf5 10. Qd3 Nfe7 11. Re1 f6 12. Qb5 a6 13. Qd3 Qd7 14. Nbd2 O-O
15. Nf1 Ng6 16. Be3 Nce7 17. Qd2 Nf5 18. Qc2 c6 19. Rad1 Bc7 20. Rd2 Nd6 21. b3
Ne4 22. Rde2 f5 23. Bc1 Qd6 24. g3 Ba5 25. b4 Bc7 26. Ne5 Bb6 27. Nxg6 Qxg6 28.
Bf4 Qh5 29. h4 h6 30. Re3 g5 31. hxg5 hxg5 32. Be5 Rae8 33. f3 Rxe5 34. dxe5
Qxf3 35. Kh2 Bxe3 36. Nxe3 Qxg3+
0-1

[Event "Stjernesommer langsjakk NGP 2018"]
[Site "SK Stjernen, Grünerløkka, Oslo"]
[Date "2018.06.09"]
[Round "3"]
[White "Huse, Sigurd Kjelsbøl"]
[Black "Kreken, Eivind Grunt"]
[Result "1-0"]
[WhiteElo "2029"]
[BlackElo "1553"]
[PlyCount "59"]
[EventDate "2018.??.??"]

1. e4 d6 2. d4 Nf6 3. Nc3 Nbd7 4. Be3 e5 5. Bc4 Be7 6. h3 c6 7. Bb3 Qc7 8. Nge2
h6 9. Ng3 Nf8 10. dxe5 dxe5 11. Nh5 Nxh5 12. Qxh5 Be6 13. O-O-O Bxb3 14. cxb3
Ne6 15. Qg4 b5 16. g3 g5 17. Kb1 a5 18. f4 a4 19. f5 Nc5 20. f6 Bf8 21. b4 Na6
22. h4 gxh4 23. Rxh4 Nxb4 24. Bb6 Qc8 25. Qxc8+ Rxc8 26. Rh5 Nd5 27. exd5 c5
28. Rxe5+ Kd7 29. d6 Bxd6 30. Bxc5
1-0

[Event "Stjernesommer langsjakk NGP 2018"]
[Site "SK Stjernen, Grünerløkka, Oslo"]
[Date "2018.06.09"]
[Round "3"]
[White "Dahl, Max"]
[Black "Melaa, Sondre Lillestøl"]
[Result "0-1"]
[WhiteElo "1888"]
[BlackElo "2011"]
[PlyCount "106"]
[EventDate "2018.??.??"]

1. e4 e5 2. Nf3 Nc6 3. Bb5 a6 4. Bxc6 dxc6 5. h3 Ne7 6. O-O Ng6 7. d4 exd4 8.
Qxd4 Qxd4 9. Nxd4 Bd7 10. Nc3 O-O-O 11. Nb3 c5 12. Be3 b6 13. Rad1 Bd6 14. Nd2
Be5 15. Ndb1 Bc6 16. f3 Bd4 17. Bxd4 cxd4 18. Ne2 Bb5 19. Rfe1 c5 20. b3 d3 21.
cxd3 Bxd3 22. Nbc3 Bxe2 23. Nxe2 Rhe8 24. Ng3 Nf4 25. Nf5 Nd3 26. Re3 Nb4 27.
Ree1 Rxd1 28. Rxd1 Rd8 29. Rxd8+ Kxd8 30. a3 Nc2 31. Nxg7 Nxa3 32. Nf5 Nb1 33.
Nd6 f6 34. e5 Ke7 35. f4 fxe5 36. fxe5 Nd2 37. Nf7 Nxb3 38. Ng5 c4 39. Ne4 Ke6
40. Kf2 Kxe5 41. Ke3 b5 42. g4 b4 43. g5 a5 44. h4 a4 45. h5 Ke6 46. g6 hxg6
47. h6 Kf7 48. Nd6+ Kg8 49. Nxc4 a3 50. Ne5 a2 51. Nxg6 a1=Q 52. h7+ Kxh7 53.
Nf8+ Kh6
0-1

[Event "Stjernesommer langsjakk NGP 2018"]
[Site "SK Stjernen, Grünerløkka, Oslo"]
[Date "2018.06.09"]
[Round "3"]
[White "Tenold, Andreas"]
[Black "Kittilsen, Sigurd"]
[Result "0-1"]
[WhiteElo "1937"]
[BlackElo "1889"]
[Annotator "Kristoffer"]
[PlyCount "54"]
[EventDate "2018.??.??"]

1. e4 c5 2. Nf3 g6 3. d4 cxd4 4. Qxd4 Nf6 5. Nc3 Nc6 6. Qa4 d6 7. e5 dxe5 8.
Nxe5 Bg7 9. Bb5 O-O 10. Nxc6 bxc6 11. Bxc6 Bd7 12. O-O Bxc6 13. Qxc6 Rc8 14.
Qa4 Qb6 15. Qa3 Qc7 16. Bg5 Ng4 17. g3 Bxc3 18. bxc3 Qxc3 19. Qxa7 Rc7 20. Qa4
Rc4 21. Qd7 e6 22. Bd2 Qxc2 23. Rfe1 Qf5 24. Re2 Ne5 25. Qb7 Rc2 26. f4 Qd3 27.
fxe5 Qxe2
0-1

[Event "Stjernesommer langsjakk NGP 2018"]
[Site "SK Stjernen, Grünerløkka, Oslo"]
[Date "2018.06.09"]
[Round "3"]
[White "Bernstein, Jonas August"]
[Black "Skaslien, Ingrid"]
[Result "1/2-1/2"]
[WhiteElo "1651"]
[BlackElo "1871"]
[PlyCount "115"]
[EventDate "2018.??.??"]

1. d4 Nf6 2. c4 e6 3. Nc3 Bb4 4. Qc2 c5 5. dxc5 O-O 6. a3 Bxc5 7. Nf3 b6 8. e3
Bb7 9. Be2 Nc6 10. O-O Rc8 11. b4 Be7 12. Bb2 Qc7 13. Nb5 Qb8 14. Ng5 g6 15.
Nf3 a6 16. Nbd4 d5 17. Qb3 dxc4 18. Bxc4 b5 19. Be2 Nd7 20. Nxe6 Rfe8 21. Neg5
Bxg5 22. Nxg5 Nce5 23. e4 Qd6 24. Rad1 Qe7 25. f4 Nc4 26. Bxc4 Rxc4 27. Qh3 Nf8
28. Bd4 f6 29. Bc5 Rxc5 30. bxc5 Qxc5+ 31. Kh1 fxg5 32. fxg5 Bxe4 33. Qb3+ Qc4
34. Qb2 Qc2 35. Qxc2 Bxc2 36. Rc1 Re2 37. Rfe1 Rxe1+ 38. Rxe1 Kf7 39. Rc1 Bf5
40. Rc7+ Ke6 41. Rc6+ Kd5 42. Rxa6 Ne6 43. h4 Ke5 44. Ra7 Kf4 45. Kh2 Kg4 46.
Rxh7 Nf4 47. Rh8 Be4 48. Rb8 Bd3 49. Rd8 Bf1 50. Rd4 Kf5 51. g3 Ne6 52. Rd2 Ke4
53. Rf2 Bd3 54. Rf6 Kd5 55. Kg2 Bc2 56. Kf2 Be4 57. Ke3 Bc2 58. Kd2
1/2-1/2

[Event "Stjernesommer langsjakk NGP 2018"]
[Site "SK Stjernen, Grünerløkka, Oslo"]
[Date "2018.06.09"]
[Round "3"]
[White "Rolstad, Morten"]
[Black "Schouten, Mathias Lind"]
[Result "0-1"]
[WhiteElo "1791"]
[BlackElo "1752"]
[PlyCount "52"]
[EventDate "2018.??.??"]

1. e4 e6 2. d4 d5 3. Nd2 c5 4. Ngf3 Nc6 5. Bb5 dxe4 6. Nxe4 Qa5+ 7. Nc3 Bd7 8.
Be3 a6 9. Bd3 cxd4 10. Nxd4 Nxd4 11. Bxd4 Bc6 12. Qg4 Nf6 13. Bxf6 gxf6 14. Be4
Bxe4 15. Qxe4 Bb4 16. O-O Bxc3 17. Qxb7 O-O 18. bxc3 Qxc3 19. Qb3 Rfc8 20. Rac1
Rab8 21. Qa4 Rc6 22. Rfe1 Rb2 23. Qg4+ Kf8 24. Red1 Rc8 25. Rd7 Rxc2 26. Rxc2
Qe1#
0-1